000
00269 a2200097 4500
001
55139
100
_a
245
_a
Gold Bird; PAkistan and its Air Force - observations of a pilot
260
_a
KArachi
_b
Oxford' University Press
_c
2002
090
_c
34161
_d
34161
942
_a
NUST-CAE
_c
MONOGRAPH
_c
26849
999
_c
290212
_d
290212